Do jakiego miasta na świecie należy ta dzielnica? - Statystyki

Ogólne statystyki
  • Ten quiz został rozwiązany 96 razy
  • Średni wynik to 10 z 15
Statystyki odpowiedzi
Dzielnica Miasto % Poprawnych
Nowa Huta Kraków
91%
Bronx Nowy Jork
90%
Sagrada Familia Barcelona
88%
Greenwich Londyn
84%
Hradczany Praga
78%
Beşiktaş Stambuł
70%
Dongcheng Pekin
67%
Copacabana Rio de Janeiro
67%
Psie Pole Wrocław
67%
Élysée Paryż
65%
Shibuya Tokio
65%
Zatybrze Rzym
62%
Leopoldstadt Wiedeń
56%
Łyczaków Lwów
48%
Venice Los Angeles
36%
Nie znaleziono quizów pasujących do podanych kryteriów
Rozkład punktacji
Procent ludzi z każdym wynikiem
Percentyl według liczby udzielonych odpowiedzi
Twoja historia wyników
Nie rozwiązałeś tego quizu